| 000 | 00787nam a2200265 a 4500 | ||
|---|---|---|---|
| 001 | 58742 | ||
| 003 | BD-RjUL | ||
| 005 | 20211209080643.0 | ||
| 008 | 161219s1983 nyua b 001 0 eng | ||
| 020 | _a046506342X | ||
| 035 | _a(BD-RjUL)58866 | ||
| 040 |
_aDLC _cDLC _dDLC _dBD-RjUL _beng |
||
| 041 | _aeng | ||
| 082 | 0 | 0 |
_a332.4 _223 _bRIP 1983 |
| 100 | 1 |
_aRitter, Lawrence S. _9174612 |
|
| 245 | 1 | 0 |
_aPrinciples of money, banking, and financial markets / _cLawrence S. Ritter, William L. Silber. |
| 250 | _a4th rev. ed. | ||
| 260 |
_aNew York : _bBasic Books, _cc1983. |
||
| 300 |
_axviii, 619 p. : _bill. ; _c25 cm. |
||
| 500 | _aIncludes index. | ||
| 650 | 0 |
_aMoney. _9173782 |
|
| 650 | 0 |
_aBanks and banking. _9173228 |
|
| 700 | 1 |
_aSilber, William L. _9174613 |
|
| 942 |
_2ddc _cBK |
||
| 999 |
_c58742 _d58742 |
||